Top 100 NBA Players 2023-2024 - Statistics

General Stats
  • This quiz has been taken 1,116 times
  • The average score is 76 of 100
Answer Stats
Hint Answer % Correct
Denver Nuggets Nikola Jokic
100%
Golden State Warriors Stephen Curry
99%
Milwaukee Bucks Giannis Antetokounmpo
98%
Boston Celtics Jayson Tatum
98%
Philadelphia 76ers Joel Embiid
98%
Dallas Mavericks Luka Doncic
98%
Phoenix Suns Devin Booker
97%
Los Angeles Clippers Kawhi Leonard
97%
Phoenix Suns Kevin Durant
97%
Los Angeles Lakers LeBron James
97%
Oklahoma City Thunder Shai Gilgeous-Alexander
97%
Los Angeles Lakers Anthony Davis
96%
Portland Trail Blazers Damian Lillard
96%
Memphis Grizzlies Ja Morant
96%
Miami Heat Jimmy Butler
96%
Cleveland Cavaliers Donovan Mitchell
95%
Atlanta Hawks Trae Young
95%
Philadelphia 76ers James Harden
94%
Boston Celtics Jaylen Brown
94%
Los Angeles Clippers Paul George
94%
New Orleans Pelicans Zion Williamson
93%
Minnesota Timberwolves Anthony Edwards
92%
Oklahoma City Thunder Jalen Williams
92%
Miami Heat Bam Adebayo
91%
Sacramento Kings De‘Aaron Fox
91%
Sacramento Kings Domantas Sabonis
91%
Minnesota Timberwolves Karl-Anthony Towns
91%
Boston Celtics Robert Williams III
91%
Indiana Pacers Tyrese Haliburton
91%
Golden State Warriors Draymond Green
90%
New York Knicks Jalen Brunson
90%
Golden State Warriors Klay Thompson
90%
Charlotte Hornets Lamelo Ball
90%
Chicago Bulls Demar Derozan
89%
Toronto Raptors Pascal Siakam
89%
Cleveland Cavaliers Darius Garland
88%
Denver Nuggets Jamal Murray
88%
Dallas Mavericks Kyrie Irving
88%
Atlanta Hawks Dejounte Murray
87%
Memphis Grizzlies Jaren Jackson Jr.
87%
Milwaukee Bucks Jrue Holiday
87%
Chicago Bulls Zach Lavine
87%
New Orleans Pelicans Brandon Ingram
86%
Milwaukee Bucks Khris Middleton
86%
Minnesota Timberwolves Rudy Gobert
86%
New York Knicks Julius Randle
85%
Cleveland Cavaliers Jarrett Allen
84%
Golden State Warriors Chris Paul
82%
Phoenix Suns Bradley Beal
81%
Milwaukee Bucks Brook Lopez
81%
Memphis Grizzlies Desmond Bane
81%
Cleveland Cavaliers Evan Mobley
81%
Orlando Magic Paolo Banchero
81%
Brooklyn Nets Mikal Bridges
80%
Philadelphia 76ers Tyrese Maxey
80%
Denver Nuggets Aaron Gordon
79%
Golden State Warriors Andrew Wiggins
77%
Utah Jazz Lauri Markkanen
75%
Detroit Pistons Cade Cunningham
73%
Boston Celtics Derrick White
73%
Boston Celtics Kristaps Porzingis
73%
Denver Nuggets Michael Porter Jr.
73%
Toronto Raptors Scottie Barnes
73%
Phoenix Suns Deandre Ayton
71%
Orlando Magic Franz Wagner
71%
Houston Rockets Fred VanVleet
71%
Memphis Grizzlies Marcus Smart
70%
Miami Heat Tyler Herro
70%
Boston Celtics Al Horford
68%
New Orleans Pelicans CJ McCollum
68%
Indiana Pacers Myles Turner
68%
Brooklyn Nets Cam Johnson
66%
San Antonio Spurs Keldon Johnson
66%
Minnesota Timberwolves Mike Conley
62%
Atlanta Hawks Clint Capela
61%
Oklahoma City Thunder Josh Giddey
60%
Philadelphia 76ers Tobias Harris
60%
Portland Trail Blazers Jerami Grant
59%
Brooklyn Nets Nic Claxton
58%
Washington Wizards Kyle Kuzma
57%
Toronto Raptors OG Anunoby
56%
Memphis Grizzlies Steven Adams
55%
Portland Trail Blazers Anfernee Simons
54%
Denver Nuggets Kentavious Caldwell-Pope
53%
Houston Rockets Alperen Sengun
51%
Utah Jazz Jordan Clarkson
50%
Boston Celtics Malcolm Brogdon
49%
San Antonio Spurs Devin Vassell
46%
Los Angeles Clippers Ivica Zubac
46%
Chicago Bulls Alex Caruso
45%
Utah Jazz Walker Kessler
45%
Detroit Pistons Bojan Bogdanovic
44%
Minnesota Timberwolves Jaden McDaniels
42%
Brooklyn Nets Spencer Dinwiddie
42%
Sacramento Kings Kevin Huerter
41%
Orlando Magic Wendell Carter Jr.
41%
New York Knicks Immanuel Quickley
35%
Toronto Raptors Jakob Poeltl
31%
Los Angeles Lakers Jarred Vanderbilt
26%
New Orleans Pelicans Trey Murphy III
26%
No matching quizzes found
Score Distribution
Percent of People with Each Score
Percentile by Number Answered
Your Score History
You have not taken this quiz